| 000 | 00732nam a2200205 a 4500 | ||
|---|---|---|---|
| 001 | 000024259 | ||
| 005 | 20200930022844.0 | ||
| 008 | 110125s2006 bl r 000 | spa d | ||
| 040 |
_aDO-SdBNP _bspa _cBNPHU |
||
| 082 |
_a869.92 _bR696C |
||
| 100 | 1 |
_aCarneiro da Cunha, Francisco _949802 |
|
| 245 | 1 | 0 |
_aNelson Rodrigues' theatrical works : _bbilingual / _cFrancisco Carneiro da Cunha ; traducción Guido Lorenzo Trancredi Botto. |
| 260 |
_aSão Paulo, (Brasil) : _bFactash Editora, _c2006. |
||
| 300 |
_a230p. : _bil. ; _c21 cm. |
||
| 500 | _aIncluye nota al pie de página | ||
| 650 | 4 |
_aTeatro brasileño _949803 |
|
| 650 | 4 |
_aLiteratura brasileña _9823 |
|
| 700 | 1 |
_aTrancredi Botto, Guido Lorenzo _etr. _949804 |
|
| 049 | _aBNGR | ||
| 999 |
_c23753 _d23753 |
||